De quels nationalités sont les prisonniers en France - Statistiques

Statistiques générales
  • Ce quiz a été pris 6 828 fois
  • Le résultat moyen est 6 sur 10
Statistiques - réponses
Pourcentages Nationalités / Pays % Correct
19 % Algérienne
99%
12 % Marocaine
99%
6% Tunisienne
95%
3% Italienne
63%
2% Espagnole
58%
3% Turque
57%
4% Portugaise
47%
8% Roumaine
35%
5% Albanaise
23%
2% Georgienne
8%
Aucun quiz correspondant
Distribution des résultats
% des personnes avec chaque résultat
Percentile par nombre de réponses
Votre historique - résultats
Vous n’avez pas pris ce quiz